000 00256nam a2200097Ia 4500
082 _a306. 0968 GELD
245 0 _aSocial institutions
100 _a GELDERBLOM, Derik Oxford, 2003
_984701
942 _cBK
008 210817s9999 xx 000 0 und d
999 _c311600
_d311599